000 01011nam a2200313 a 4500
008
020 _a9780646314181 (paperback)
040 _aNUST
_cNUST
049 _aMAIN
090 _aHQ775
_bBID
100 1 _aBiddulph, Steve.,
_aauthor.
245 1 0 _aRaising boys :
_bwhy boys are different - and how to help them become happy and well-balanced men/
_cSteve Biddulph illustrations by Paul Stanish.
260 _aSydney, Australia :
_bFinch,
_c1998.
300 _avi, 186 pages :
_billustrations ;
_c23 cm.
336 _atext
_btxt
_2rdacontent
337 _aunmediated
_bn
_2rdamedia
338 _avolume
_bnc
_2rdacarrier
500 _aIncludes index.
650 1 _aBoys
_xPsychology.
650 _aChild rearing.
650 _aParent and child.
650 _aBoys
_xConduct of life.
650 _aUnited States.
650 _aParenting.
907 _a.b10410570
_b05-10-21
_c05-10-21
003
005 20230123141223.0
942 _cBOOKS
_kHQ775
_mBID
999 _c169751
_d169751